<?xml version="1.0" encoding="UTF-8"?>
<record
    xmlns:xsi="http://www.w3.org/2001/XMLSchema-instance"
    xsi:schemaLocation="http://www.loc.gov/MARC21/slim http://www.loc.gov/standards/marcxml/schema/MARC21slim.xsd"
    xmlns="http://www.loc.gov/MARC21/slim">

  <leader>01508nam a22002897a 4500</leader>
  <datafield tag="999" ind1=" " ind2=" ">
    <subfield code="c">7212</subfield>
    <subfield code="d">7212</subfield>
  </datafield>
  <controlfield tag="003">OSt</controlfield>
  <controlfield tag="005">20240912154451.0</controlfield>
  <controlfield tag="008">190321e201811  spc           000 0 cat|d</controlfield>
  <datafield tag="017" ind1=" " ind2=" ">
    <subfield code="a">DL L 988-2018</subfield>
    <subfield code="b">Biblioteca de Catalunya</subfield>
  </datafield>
  <datafield tag="020" ind1=" " ind2=" ">
    <subfield code="a">9788494897610</subfield>
  </datafield>
  <datafield tag="040" ind1=" " ind2=" ">
    <subfield code="a">ES-BaICD</subfield>
    <subfield code="b">cat</subfield>
    <subfield code="c">CDMR</subfield>
  </datafield>
  <datafield tag="245" ind1="0" ind2="0">
    <subfield code="a">Dones que surten del paper </subfield>
    <subfield code="b">: periodistes catalanes que expliquen un pa&#xED;s /</subfield>
    <subfield code="c">Francesc Canosa Farran, Elena Yeste Piquer [editors] ; Dolors Monserd&#xE0; [i dinou m&#xE9;s]</subfield>
  </datafield>
  <datafield tag="260" ind1=" " ind2=" ">
    <subfield code="a">Juneda :</subfield>
    <subfield code="b">Fonoll,</subfield>
    <subfield code="c">2018</subfield>
  </datafield>
  <datafield tag="300" ind1=" " ind2=" ">
    <subfield code="a">214 p. ;</subfield>
    <subfield code="c">24 cm</subfield>
  </datafield>
  <datafield tag="500" ind1=" " ind2=" ">
    <subfield code="a">Recull textos period&#xED;stics publicats entre 1879 i 1936 per Dolors Monserd&#xE0;, Maria Josepa Massan&#xE9;s, Paulina Reig i Sala, Isabel Serra, Carmen Karr, Mar&#xED;a Luz Morales, Llucieta Cany&#xE0;, Irene Polo, Rosa Maria Arquimbau, Aurora Bertrana, Maria Teresa Gibert, Anna Maria Mart&#xED;nez Sagi, Anna Muri&#xE0;, Rafela Ferro, Maria Pi de Folch, Merc&#xE8; Rodoreda, Conxa Espinalt i Teresa P&#xE0;mies </subfield>
  </datafield>
  <datafield tag="504" ind1=" " ind2=" ">
    <subfield code="a">Inclou bibliografia: p&#xE0;gines 23-24</subfield>
  </datafield>
  <datafield tag="508" ind1=" " ind2=" ">
    <subfield code="a">Amb el suport de: Generalitat de Catalunya</subfield>
  </datafield>
  <datafield tag="546" ind1=" " ind2=" ">
    <subfield code="a">Textos en catal&#xE0; i castell&#xE0;</subfield>
  </datafield>
  <datafield tag="650" ind1=" " ind2="4">
    <subfield code="a">Dones en el periodisme</subfield>
    <subfield code="z">Catalunya</subfield>
    <subfield code="9">4233</subfield>
  </datafield>
  <datafield tag="650" ind1=" " ind2="7">
    <subfield code="a">Dones periodistes</subfield>
    <subfield code="z">Catalunya</subfield>
    <subfield code="x">Reculls d'escrits</subfield>
    <subfield code="2">lemac</subfield>
    <subfield code="9">2913</subfield>
  </datafield>
  <datafield tag="650" ind1=" " ind2="7">
    <subfield code="a">Dones</subfield>
    <subfield code="x">Cobertura period&#xED;stica</subfield>
    <subfield code="z">Catalunya</subfield>
    <subfield code="2">lemac</subfield>
  </datafield>
  <datafield tag="650" ind1=" " ind2="7">
    <subfield code="a">Dones</subfield>
    <subfield code="z">Catalunya</subfield>
    <subfield code="x">Condicions socials</subfield>
    <subfield code="y">S. XX</subfield>
    <subfield code="2">lemac</subfield>
  </datafield>
  <datafield tag="700" ind1="1" ind2=" ">
    <subfield code="a">Canosa i Farran, Francesc,</subfield>
  </datafield>
  <datafield tag="700" ind1="1" ind2=" ">
    <subfield code="a">Yeste, Elena,</subfield>
    <subfield code="d">1984-</subfield>
  </datafield>
  <datafield tag="700" ind1="1" ind2=" ">
    <subfield code="a">Monserd&#xE0; de Maci&#xE0;, Dolors,</subfield>
    <subfield code="d">1845-1919,</subfield>
  </datafield>
  <datafield tag="942" ind1=" " ind2=" ">
    <subfield code="c">MON</subfield>
    <subfield code="2">udc</subfield>
  </datafield>
  <datafield tag="952" ind1=" " ind2=" ">
    <subfield code="0">0</subfield>
    <subfield code="1">0</subfield>
    <subfield code="4">0</subfield>
    <subfield code="7">0</subfield>
    <subfield code="a">CDMR</subfield>
    <subfield code="b">CDMR</subfield>
    <subfield code="d">2019-03-21</subfield>
    <subfield code="e">Intercanvi</subfield>
    <subfield code="g">17.00</subfield>
    <subfield code="l">0</subfield>
    <subfield code="o">Du 5/46</subfield>
    <subfield code="p">CDMR19030007</subfield>
    <subfield code="r">2019-03-21</subfield>
    <subfield code="v">17.00</subfield>
    <subfield code="w">2019-03-21</subfield>
    <subfield code="y">MON</subfield>
  </datafield>
</record>
